Black February /

"Black February chronicles an unprecedented series of concerts performed in New York City by legendary jazz composer and conductor Lawrence D. "Butch" Morris. Butch put on the series in February 2005 to celebrate 20 years of Conduction, his revolutionary technique for leading live imp...

Full description

Bibliographic Details
Other Authors: Morris, Lawrence Butch (Musician, interviewee (expression)), Monga, Vipal (Screenwriter), Chowdhry, Vinay (director of photography.), Munsey, Andrew (Sound designer)
Format: Video DVD
Language:English
Language Notes:In English.
Published: [United States] : [Collective Eye], [2012]
Subjects:

MARC

Tag First Indicator Second Indicator Subfields
LEADER 00000cgm a2200000Ia 4500
001 in00003777458
005 20170927134916.0
007 vd cvaizu
008 120718s2012 xxu064 vleng
024 1 |a 610395615774 
035 |a (OCoLC)ocn816963342 
035 |a (OCoLC)816963342 
040 |a AU@  |b eng  |c AU@  |d OCLCO  |d WAU  |d LRU  |d OCLCF  |d OCLCO  |d OCL  |d CUS  |d OCLCO  |d TEF  |d UtOrBLW 
049 |a TXAM 
050 4 |a ML422  |b .M74 2012 
082 0 4 |a 784.2092  |2 23 
090 |a M1366.M8  |b B53 2012 
245 0 0 |a Black February /  |c a film by Vipal Monga ; producer, director & writer, Vipal Monga. 
246 1 |i Subtitle on container:  |a Music is an open door 
257 |a United States  |2 naf 
264 1 |a [United States] :  |b [Collective Eye],  |c [2012] 
300 |a 1 videodisc (approximately 64 min.) :  |b sound, color ;  |c 4 3/4in. +  |e 1 insert. 
306 |a 010400 
336 |a two-dimensional moving image  |b tdi  |2 rdacontent 
337 |a video  |b v  |2 rdamedia 
338 |a videodisc  |b vd  |2 rdacarrier 
340 |b 4 3/4 in. 
344 |a digital  |2 rda 
346 |b NTSC  |2 rda 
347 |a video file  |b DVD video  |e region 1  |2 rda 
538 |a DVD-R, may not play on all devices 
546 |a In English. 
511 0 |a Lawrence D. "Butch" Morris, with various artists. 
508 |a Editor, Zachary Ludescher ; director of photography, Vinay Chowdhry ; sound design, Andrew Munsey ; art direction, Linda Peng. 
500 |a Originally produced in 2012. 
500 |a Notes by Jenni Quilter on sheet inserted in container. 
520 |a "Black February chronicles an unprecedented series of concerts performed in New York City by legendary jazz composer and conductor Lawrence D. "Butch" Morris. Butch put on the series in February 2005 to celebrate 20 years of Conduction, his revolutionary technique for leading live improvisations. More than a simple portrait of those 28 days or a biography of an engimatic and complex legend of the avant-garde, Black February is a film about how music is made and what it means. It's about the struggle of artists trying to distill the purest essence of themselves into their work, and the scope of a musical theory that has the potential of redefining what it means to make music."--Container. 
505 0 |a 1. Chapter 1 -- 2. What is conduction? -- 3. Red car -- 4. Rehearsal -- 5. BandBig! -- 6. New school lecture -- 7. History -- 8. Conduction #1 -- 9. Rehearsal 2 -- 10. Emyoueseyesee -- 11. Chorus of poets -- 12. Brandon Ross -- 13. Nublu -- 14. Phantom Station -- 15. Henry Threadgill -- 16. New York Skyscraper -- 17. Closing credits. 
500 |a Videorecording. 
600 1 0 |a Morris, Lawrence Butch  |v Interviews. 
650 0 |a Conductors (Music)  |z United States  |v Biography.  |0 http://id.loc.gov/authorities/subjects/sh2008101544 
650 0 |a Improvisation (Music)  |0 http://id.loc.gov/authorities/subjects/sh85064678 
650 0 |a Instrumental ensembles.  |0 http://id.loc.gov/authorities/subjects/sh85066772 
650 0 |a Jazz  |y 2001-2010.  |0 http://id.loc.gov/authorities/subjects/sh2001005063 
650 0 |a Free jazz.  |0 http://id.loc.gov/authorities/subjects/sh2003005848 
650 0 |a Avant-garde (Music)  |0 http://id.loc.gov/authorities/subjects/sh90001254 
600 1 7 |a Morris, Lawrence Butch.  |2 fast  |0 (OCoLC)fst00293886 
650 7 |a Avant-garde (Music)  |2 fast  |0 (OCoLC)fst00824287 
650 7 |a Conductors (Music)  |2 fast  |0 (OCoLC)fst00874600 
650 7 |a Free jazz.  |2 fast  |0 (OCoLC)fst00933892 
650 7 |a Improvisation (Music)  |2 fast  |0 (OCoLC)fst00968306 
650 7 |a Instrumental ensembles.  |2 fast  |0 (OCoLC)fst00974411 
650 7 |a Jazz.  |2 fast  |0 (OCoLC)fst00982165 
651 7 |a United States.  |2 fast  |0 (OCoLC)fst01204155 
648 7 |a 2001 - 2010  |2 fast 
655 7 |a Filmed performances.  |2 lcgft  |0 http://id.loc.gov/authorities/genreForms/gf2011026276 
655 7 |a Feature films.  |2 lcgft  |0 http://id.loc.gov/authorities/genreForms/gf2011026247 
655 7 |a Documentary films.  |2 lcgft  |0 http://id.loc.gov/authorities/genreForms/gf2011026205 
655 7 |a Nonfiction films.  |2 lcgft  |0 http://id.loc.gov/authorities/genreForms/gf2011026423 
655 7 |a Biography.  |2 fast  |0 (OCoLC)fst01423686 
655 7 |a Documentary films.  |2 fast  |0 (OCoLC)fst01710390 
655 7 |a Feature films.  |2 fast  |0 (OCoLC)fst01710384 
655 7 |a Filmed performances.  |2 fast  |0 (OCoLC)fst01726178 
655 7 |a Interviews.  |2 fast  |0 (OCoLC)fst01423832 
655 7 |a Nonfiction films.  |2 fast  |0 (OCoLC)fst01710269 
700 1 |a Morris, Lawrence Butch,  |e musician,  |e interviewee (expression)  |0 http://id.loc.gov/authorities/names/n91107594 
700 1 |a Monga, Vipal,  |e screenwriter,  |e film director,  |e film producer.  |0 http://id.loc.gov/authorities/names/nr2004033709 
700 1 |a Ludescher, Zachary,  |e editor of moving image work. 
700 1 |a Chowdhry, Vinay,  |e director of photography. 
700 1 |a Munsey, Andrew,  |e sound designer. 
700 1 |a Peng, Linda,  |e art director. 
710 2 |a Collective Eye (Organization),  |e publisher.  |0 http://id.loc.gov/authorities/names/no2008094218 
994 |a C0  |b TXA 
948 |a cataloged  |b h  |c 2016/5/10  |d c  |e blrosas  |f 3:12:22 pm 
999 f f |s a782d086-655a-3439-8b33-8b7700e4e4ca  |i a09a5f3e-8046-330c-9840-6d68389edb96  |t 0 
952 f f |p ric  |a Texas A&M University  |b Rellis Campus  |c Joint Library Facility  |d Remote Storage  |t 0  |e M1366.M8 B53 2012  |h Library of Congress classification  |i video -- videodisc  |m A14843560880 
998 f f |a M1366.M8 B53 2012  |t 0  |l Remote Storage